| 000 | 00337nam a2200133Ia 4500 | ||
|---|---|---|---|
| 005 | 20260328104305.0 | ||
| 008 | 260328s9999||||xx |||||||||||||| ||und|| | ||
| 100 | _aEinstein, Albert | ||
| 245 | 0 |
_aEl Significado de la relatiVidad / _cAlbert Einstein |
|
| 260 | _bPlaneta-Agostini | ||
| 300 | _a240 p. | ||
| 650 | _aFISICA | ||
| 942 | _cBK | ||
| 999 |
_c10716 _d10716 |
||